000 00506nam a22001817a 4500
003 BD-ChCU
005 20251120130737.0
008 251120b bg ||||| |||| 00| 0 ben d
040 _cBD-ChCU
082 _a510 SOH
100 _aSokolnikoff, Ivan S. and Sokolnikoff, Elizabeth S.
_916534
245 _aHigher mathematics for engineers and physicists.//
250 _a2nd ed.
260 _aNew York
_bMcGraw-Hill,
_c1962
300 _axi, 587p
650 0 _aMathematics.
_916535
942 _2ddc
_cBK
_n0
999 _c109640
_d109640